01216cam a2200277 a 45000010008000000030004000080050017000120080041000290100017000700200015000870350024001020350020001260350027001460400025001730420014001980820014002122450339002262600039005653000026006045000064006305040041006946500020007356500039007557100072007947300072008663080447OSt20230704132635.0970730s1997 nyu b i000 0 eng d a 97177577  a9211335116 a(IaU-L)notisAHT7637 a(OCoLC)37229824 a(CStRLIN)IAULAHT7637-B aLPUcLPUdIaU-LdDLC alccopycat00a341.7bUN04aThe Law of the sea :bdeclarations and statements with respect to the United Nations Convention on the Law of the Sea and to the agreement relating to the implementation of part XI of the United Nations Convention on the Law of the Sea of 10 December 1982 /cDivision for Ocean Affairs and the Law of the Sea, Office of Legal Affairs. aNew York :bUnited Nations,c1997. axii, 134 p. ;c28 cm. aUnited Nations publication sales no. E.97.V.3"--T.p. verso. aIncludes bibliographical references. 0aLaw of the sea. 0aOcean bottomxLaw and legislation.2 aUnited Nations.bDivision for Ocean Affairs and the Law of the Sea.0 aUnited Nations Convention on the Law of the Sead(1982 December 10)